000 00551nam a22002057a 4500
003 OSt
005 20140311163201.0
008 131012t xxu||||| |||| 00| 0 eng d
020 _a0439491452
050 _aF 128.64.L6
_b.P48 2003
100 _aPenner, Lucille Recht
_928715
245 _aThe statue of Liberty /
_bLucille Recht Penner
260 _aNew York, NY :
_bScholastic Inc.,
_c2003.
300 _a32 p. :
_bill. col.;
_c23 cm.
521 _aG1
526 _c250
650 _aChildren Books
_928716
942 _2lcc
_cBK
999 _c42509
_d42509